La filosofìa en la educaciòn secundaria (Record no. 187571)
[ view plain ]
| 000 -LEADER | |
|---|---|
| campo de control de longitud fija | 00928nam a2200253 i 4500 |
| 001 - NÚMERO DE CONTROL | |
| campo de control | 187571 |
| 003 - IDENTIFICADOR DE NÚMERO DE CONTROL | |
| campo de control | ES-MaACL |
| 005 - FECHA Y HORA DE LA ÚLTIMA TRANSACCIÓN | |
| campo de control | 20260214063019.0 |
| 008 - DATOS DE LONGITUD FIJA--INFORMACIÓN GENERAL | |
| campo de control de longitud fija | 171129s2010 sp |||| | spa d |
| 020 ## - NÚMERO INTERNACIONAL ESTÁNDAR DEL LIBRO | |
| Número Internacional Estándar del Libro | 978-84-7954-705-9 |
| 080 ## - NÚMERO DE LA CLASIFICACIÓN DECIMAL UNIVERSAL | |
| Número de la Clasificación Decimal Universal | 1:37(460) |
| 100 1# - ENTRADA PRINCIPAL--NOMBRE DE PERSONA | |
| Nombre de persona | Aguado Hernández, Felipe, |
| Fechas asociadas al nombre | 1946- |
| 9 (RLIN) | 18621 |
| 245 10 - MENCIÓN DEL TÍTULO | |
| Título | La filosofìa en la educaciòn secundaria |
| Resto del título | : hacia una enseñanza estimulativa y un aprendizaje creativo / |
| Mención de responsabilidad, etc. | Felipe Aguado Hernández. |
| 250 ## - MENCION DE EDICION | |
| Mención de edición | 1ª ed. |
| 260 ## - PUBLICACIÓN, DISTRIBUCIÓN, ETC. | |
| Lugar de publicación, distribución, etc. | Madrid : |
| Nombre del editor, distribuidor, etc. | Ediciones Libertarias, |
| Fecha de publicación, distribución, etc. | 2010. |
| 300 ## - DESCRIPCIÓN FÍSICA | |
| Extensión | 302 p. ; |
| Dimensiones | 20 cm. |
| 490 1# - MENCIÓN DE SERIE | |
| Mención de serie | Ensayo ; |
| Designación de volumen o secuencia | 141 |
| 650 04 - PUNTO DE ACCESO ADICIONAL DE MATERIA--TÉRMINO DE MATERIA | |
| Término de materia o nombre geográfico como elemento de entrada | Filosofía- |
| Subdivisión general | Enseñanza. |
| 9 (RLIN) | 12809 |
| 830 0# - PUNTO DE ACCESO ADICIONAL DE SERIE-TÍTULO UNIFORME | |
| Título uniforme | Ensayo ; |
| Designación de volumen o secuencia | 141 |
| 9 (RLIN) | 177699 |
| 852 ## - LOCALIZACIÓN | |
| Ubicación | ES-MaACL |
| Número de control de estantería | A-14104 |
| itemnumber | 194657 |
| Sublocalización o colección | R.151549 |
| Ubicación en estantería | Depósito 1 |
| Signatura antigua | Olim: N-7104 |
| Donativo/Legado | Donación: Felipe Aguado Hernández |
| 903 ## - NOMBRE PERSONAL DE DONANTE | |
| a | Aguado Hernández, Felipe, |
| d | 1946- |
| e | Donante |
| 9 | 18621 |
| 942 ## - ELEMENTOS DE ENTRADA SECUNDARIOS (KOHA) | |
| Fuente del sistema de clasificación o colocación | Clasificación decimal universal |
| Tipo de ítem Koha | Libro impreso |
| Estatus retirado | Estado de pérdida | Fuente del sistema de clasificación o colocación | Estado de daño | No para préstamo | Biblioteca de origen | Biblioteca actual | Ubicación en estantería | Fecha de adquisición | Fuente de adquisición | Total de préstamos | Signatura topográfica completa | Código de barras | Visto por última vez | Precio de reemplazo | Tipo de ítem Koha |
|---|---|---|---|---|---|---|---|---|---|---|---|---|---|---|---|
| Clasificación decimal universal | Biblioteca del Ateneo de Madrid | Biblioteca del Ateneo de Madrid | Depósito 1 | 29/11/2017 | Donación | A-14104 | 1198116 | 23/02/2023 | 23/02/2023 | Libro impreso |
